The Legend of Zelda: Tears of the Kingdom Recipes - Statistics

General Stats
  • This quiz has been taken 48 times
  • The average score is 62 of 228
Answer Stats
Card Recipe % Correct
4 Meat Skewer
89%
1 Mushroom Skewer
78%
142 Dark Curry
67%
5 Fish Skewer
67%
126 Fruitcake
67%
227 Hearty Elixir
67%
119 Honey Candy
67%
139 Monster Cake
67%
137 Monster Curry
67%
47 Simmered Fruit
67%
147 Baked Apple
56%
154 Baked Palm Fruit
56%
144 Dark Cake
56%
143 Dark Rice Ball
56%
140 Dark Stew
56%
145 Dubious Food
56%
3 Fish and Mushroom Skewer
56%
16 Fried Wild Greens
56%
96 Gourmet Meat and Rice Bowl
56%
216 Hasty Elixir
56%
124 Honey Crepe
56%
118 Honeyed Apple
56%
94 Meat and Rice Bowl
56%
138 Monster Rice Balls
56%
125 Nutcake
56%
95 Prime Meat and Rice Bowl
56%
9 Steamed Fruit
56%
12 Steamed Meat
56%
123 Wildberry Crepe
56%
129 Cheesecake
44%
97 Cheesy Meat Bowl
44%
218 Chilly Elixir
44%
55 Cream of Mushroom Soup
44%
141 Dark Soup
44%
228 Fairy Tonic
44%
130 Fruit Pie
44%
116 Hot Buttered Apple
44%
2 Meat and Mushroom Skewer
44%
79 Meat-Stuffed Pumpkin
44%
102 Meaty Rice Balls
44%
136 Monster Soup
44%
135 Monster Stew
44%
122 Plain Crepe
44%
186 Roasted Bass
44%
151 Roasted Wildberry
44%
146 Rock-Hard Food
44%
6 Seafood Skewer
44%
181 Seared Gourmet Steak
44%
180 Seared Prime Steak
44%
179 Seared Steak
44%
13 Steamed Fish
44%
224 Sticky Elixir
44%
104 Veggie Porridge
44%
131 Apple Pie
33%
148 Baked Golden Apple
33%
193 Blackened Crab
33%
127 Carrot Cake
33%
149 Charred Pepper
33%
110 Cheesy Tomato
33%
17 Copious Fried Wild Greens
33%
7 Copious Meat Skewers
33%
20 Copious Mushroom Skewers
33%
8 Copious Seafood Skewers
33%
48 Copious Simmered Fruit
33%
53 Cream of Vegetable Soup
33%
57 Creamy Seafood Soup
33%
226 Enduring Elixir
33%
220 Fireproof Elixir
33%
205 Frozen Arowana
33%
206 Frozen Bass
33%
202 Frozen Bird Drumstick
33%
203 Frozen Bird Thigh
33%
208 Frozen Carp
33%
210 Frozen Cave Fish
33%
211 Frozen Hearty Bass
33%
212 Frozen Hearty Salmon
33%
209 Frozen Porgy
33%
207 Frozen Trout
33%
204 Frozen Whole Bird
33%
63 Glazed Seafood
33%
60 Glazed Veggies
33%
25 Meat and Seafood Fry
33%
108 Meat Pie
33%
133 Milk
33%
101 Mushroom Rice Balls
33%
134 Noble Pursuit
33%
112 Omelet
33%
128 Pumpkin Pie
33%
182 Roasted Bird Drumstick
33%
183 Roasted Bird Thigh
33%
188 Roasted Carp
33%
156 Roasted Lotus Seeds
33%
189 Roasted Porgy
33%
187 Roasted Trout
33%
184 Roasted Whole Bird
33%
45 Salmon Meunière
33%
88 Seafood Paella
33%
217 Spicy Elixir
33%
10 Steamed Tomatoes
33%
100 Veggie Rice Balls
33%
225 Bright Elixir
22%
197 Campfire Egg
22%
74 Carrot Stew
22%
83 Crab Risotto
22%
24 Crab Stir-Fry
22%
89 Curry Pilaf
22%
42 Deep-Fried Bird Roast
22%
40 Deep-Fried Drumstick
22%
41 Deep-Fried Thigh
22%
121 Egg Pudding
22%
132 Egg Tart
22%
219 Electro Elixir
22%
215 Energizing Elixir
22%
109 Fish Pie
22%
213 Frozen Crab
22%
214 Frozen River Snail
22%
62 Glazed Meat
22%
61 Glazed Mushrooms
22%
99 Gourmet Cheesy Meat Bowl
22%
27 Gourmet Meat and Seafood Fry
22%
198 Hard-Boiled Egg
22%
201 Icy Gourmet Meat
22%
199 Icy Meat
22%
200 Icy Prime Meat
22%
66 Meat Curry
22%
76 Meat Stew
22%
221 Mighty Elixir
22%
98 Prime Cheesy Meat Bowl
22%
26 Prime Meat and Seafood Fry
22%
75 Pumpkin Stew
22%
196 Roasted Acorn
22%
185 Roasted Arowana
22%
190 Roasted Cave Fish
22%
191 Roasted Hearty Bass
22%
192 Roasted Hearty Salmon
22%
155 Roasted Mighty Bananas
22%
82 Salmon Risotto
22%
72 Seafood Curry
22%
43 Seafood Meunière
22%
103 Seafood Rice Balls
22%
223 Sneaky Elixir
22%
178 Toasted Big Hearty Truffle
22%
177 Toasted Hearty Truffle
22%
170 Toasty Chillshroom
22%
176 Toasty Endura Shroom
22%
166 Toasty Hylian Shroom
22%
173 Toasty Ironshroom
22%
172 Toasty Razorshroom
22%
168 Toasty Rushroom
22%
165 Toasty Skyshroom
22%
167 Toasty Stamella Shroom
22%
169 Toasty Sunshroom
22%
171 Toasty Zapshroom
22%
51 Tomato Mushroom Stew
22%
222 Tough Elixir
22%
65 Vegetable Curry
22%
54 Veggie Cream Soup
22%
161 Baked Fortified Pumpkin
11%
162 Baked Sun Pumpkin
11%
19 Buttered Stambulb
11%
111 Cheesy Baked Fish
11%
115 Cheesy Omelet
11%
84 Cheesy Risotto
11%
59 Creamy Heart Soup
11%
91 Crunchy Fried Rice
11%
64 Curry Rice
11%
36 Fragrant Mushroom Sauté
11%
120 Fried Bananas
11%
90 Fried Egg and Rice
11%
50 Fruity Tomato Stew
11%
68 Gourmet Meat Curry
11%
78 Gourmet Meat Stew
11%
71 Gourmet Poultry Curry
11%
35 Herb Sauté
11%
117 Honeyed Fruits
11%
107 Hylian Tomato Pizza
11%
106 Melty Cheesy Bread
11%
114 Mushroom Omelet
11%
81 Mushroom Risotto
11%
38 Pepper Seafood
11%
37 Pepper Steak
11%
69 Poultry Curry
11%
85 Poultry Pilaf
11%
67 Prime Meat Curry
11%
77 Prime Meat Stew
11%
70 Prime Poultry Curry
11%
153 Roasted Hydromelon
11%
150 Roasted Hylian Tomato
11%
34 Salt-Grilled Crab
11%
33 Salt-Grilled Fish
11%
28 Salt-Grilled Greens
11%
30 Salt-Grilled Meat
11%
15 Sautéed Nuts
11%
14 Sautéed Peppers
11%
92 Seafood Fried Rice
11%
49 Simmered Tomato
11%
194 Sneaky River Escargot
11%
11 Steamed Mushrooms
11%
175 Toasty Brightcap
11%
174 Toasty Silent Shroom
11%
52 Tomato Seafood Soup
11%
113 Vegetable Omelet
11%
80 Vegetable Risotto
11%
105 Wheat Bread
11%
73 Cheesy Curry
0%
18 Cooked Stambulb
0%
93 Crab Omelet with Rice
0%
56 Creamy Meat Soup
0%
39 Fragrant Seafood Stew
0%
46 Fruit and Mushroom Mix
0%
87 Gourmet Poultry Pilaf
0%
23 Gourmet Spiced Meat Skewer
0%
44 Porgy Meunière
0%
86 Prime Poultry Pilaf
0%
22 Prime Spiced Meat Skewer
0%
158 Roasted Armoranth
0%
164 Roasted Big Radish
0%
160 Roasted Endura Carrot
0%
157 Roasted Mighty Thistle
0%
163 Roasted Radish
0%
159 Roasted Swift Carrot
0%
195 Roasted Tree Nut
0%
152 Roasted Voltfruit
0%
32 Salt-Grilled Gourmet Meat
0%
29 Salt-Grilled Mushrooms
0%
31 Salt-Grilled Prime Meat
0%
58 Snail Chowder
0%
21 Spiced Meat Skewer
0%
No matching quizzes found
Score Distribution
Percent of People with Each Score
Percentile by Number Answered
Your Score History
You have not taken this quiz